Personnages de l'Antiquité par images - Statistiques

Statistiques générales
  • Ce quiz a été pris 79 fois
  • Le résultat moyen est 7 sur 16
Statistiques - réponses
Par images Réponse % Correct
Platon
85%
Socrate
82%
Vercingétorix
76%
Jules César
75%
Alexandre le Grand
72%
Aristote
68%
Toutankhâmon
56%
Périclès
54%
Archimède
31%
Aristophane
29%
Euclide
22%
Sophocle
19%
Claude
16%
Hannibal Barca
15%
Euripide
10%
Strabon
3%
Aucun quiz correspondant
Distribution des résultats
% des personnes avec chaque résultat
Percentile par nombre de réponses
Votre historique - résultats
Vous n’avez pas pris ce quiz